Cities by cardinal direction (multiple choice) - Statistics

General Stats
  • This quiz has been taken 12 times
  • The average score is 10 of 20
Answer Stats
Question Answer % Correct
Northernmost Barcelona
100%
Westernmost Las Vegas
100%
Northernmost Saint Petersburg
100%
Southernmost Sydney
91%
Westernmost Lima
82%
Westernmost Hong Kong
64%
Easternmost Kuala Lumpur
64%
Easternmost Los Angeles
55%
Northernmost Dar es Salaam
45%
Easternmost Moscow
45%
Northernmost Berlin
27%
Southernmost Dallas
27%
Westernmost Mumbai
27%
Southernmost Port Elizabeth
27%
Easternmost Shanghai
27%
Westernmost Apia
18%
Northernmost Dammam
18%
Easternmost Oslo
18%
Southernmost Vladivostok
18%
Southernmost Kathmandu
9%
No matching quizzes found
Score Distribution
Percent of People with Each Score
Percentile by Number Answered
Your Score History
You have not taken this quiz